Franchising in India / (Record no. 67561)

MARC details
000 -LEADER
fixed length control field 00448nam a22001577a 4500
005 - DATE AND TIME OF LATEST TRANSACTION
control field 20180724130959.0
020 ## - INTERNATIONAL STANDARD BOOK NUMBER
International Standard Book Number 8171770975
Terms of availability 350.00
035 ## - SYSTEM CONTROL NUMBER
System control number A-950230, A-950229
037 ## - SOURCE OF ACQUISITION
Stock number DPL
Source of stock number/acquisition ENG
100 ## - MAIN ENTRY--PERSONAL NAME
Personal name Abell, Mark
245 ## - TITLE STATEMENT
Title Franchising in India /
Statement of responsibility, etc by Mark Abell and Lisa Sen
260 ## - PUBLICATION, DISTRIBUTION, ETC. (IMPRINT)
Place of publication, distribution, etc Calcutta
Name of publisher, distributor, etc Eastern Law House
Date of publication, distribution, etc 1998
300 ## - PHYSICAL DESCRIPTION
Extent 352p.
Dimensions 20 cms.
700 ## - ADDED ENTRY--PERSONAL NAME
Personal name Sen, Lisa
9 (RLIN) 48510
942 ## - ADDED ENTRY ELEMENTS (KOHA)
Source of classification or shelving scheme Dewey Decimal Classification
Item type English Books
Classification part 346.048
Call number suffix ABE
Holdings
Withdrawn status Lost status Not for loan Collection code Home library Current library Date acquired Cost, normal purchase price Full call number Barcode Cost, replacement price Koha item type Source of acquisition
      Non-fiction Patel Nagar Patel Nagar 24/07/2018 350.00 346.048 ABE A-950229 350.00 English Books BPPD/PUB
      Non-fiction Sarojini Nagar Sarojini Nagar 06/06/2012 350.00 346.048 ABE A-950230 350.00 English Books  

© Delhi Public Library
Hit Counter
free hit counter